Civic education : Secondary Education

Guardado en:
Detalles Bibliográficos
Autor principal: Navarro, Pablo (1951- ) .
Otros Autores: Díaz Martínez, Capitolina .
Formato: Libro
Lenguaje:inglés
Publicado: [Madrid] : Anaya English, [2008]
Catálogo:MANES:  Resultados de Búsqueda del Catálogo
Clasificación de libros de texto:
Colección:Anaya English
Etiquetas: Agregar Etiqueta
Sin Etiquetas, Sea el primero en etiquetar este registro!
Añadido a:2008-10-21
Cambiado en:2025-05-07

MARC

LEADER 00000cam a2200000 i 4500
005 20250507134515.0
008 081022s2008 espao fp 000 0 eng d
020 |a 9788466778473 
040 |a uned  |b spa  |c entro-manes 
100 1 |a Navarro, Pablo   |d (1951- ) . 
245 1 0 |a Civic education :   |b Secondary Education /   |c Pablo Navarro Sustaeta, Capitolina Díaz Martínez 
260 |a [Madrid] :   |b Anaya English,   |c [2008] 
300 |a 103 p. :   |b il. 
490 0 |a Anaya English 
546 |a España 
561 |5 es-BUNED  |3 L.T.M. 1718  |a España. Fondo Manes UNED  |k MANES 
690 0 |a ECS 
700 1 |a Díaz Martínez, Capitolina . 
942 |2 ddc  |c BK 
999 |c 96041  |d 96041 
999 |c manes:96041  |d 96041